书目信息 |
| 题名: |
会理
|
|
| 作者: | 徐方 主编 ;精品购物指南 编著 | |
| 分册: | ||
| 出版信息: | 北京 经济管理出版社 2008.11 |
|
| 页数: | 111页 | |
| 开本: | 26cm | |
| 丛书名: | 行走中国 | |
| 单 册: | ||
| 中图分类: | K927.14 | |
| 科图分类: | ||
| 主题词: | ||
| 电子资源: | ||
| ISBN: | 978-7-5096-0395-6 | |
| 000 | 01052nam 2200289 450 | |
| 001 | 012009874234 | |
| 005 | 20091127205410.84 | |
| 010 | @a978-7-5096-0395-6@dCNY28.00 | |
| 100 | @a20091127d2008 em y0chiy0120 ea | |
| 101 | 0 | @achi |
| 102 | @aCN@b110000 | |
| 105 | @aa z 000yy | |
| 106 | @ar | |
| 200 | 1 | @a会理@Ahui li@f精品购物指南编著@Fjing pin gou wu zhi nan bian zhu |
| 210 | @a北京@c经济管理出版社@d2008.11 | |
| 215 | @a111页@c图@d26cm | |
| 225 | 2 | @a行走中国@Axing zou zhong guo |
| 303 | @a题名责任项依据封面著录 | |
| 314 | @a书中题 : 主编徐方 | |
| 330 | @a本书介绍了会理的各色美景, 少数民族风俗习惯, 美食、时尚休闲文化等。顺着历史的长廊往回走,可以听到古丝绸之路上的马蹄声在这里踏响,可以听到那时的冶炼工人拉动风箱时的扑哧声 会理古城,留下了太多的历史之谜! | |
| 410 | 0 | @12001 @a行走中国 |
| 607 | @a会理县@Ahui li xian@y四川省@x概况 | |
| 690 | @aK927.14@v4 | |
| 701 | 0 | @a徐方@Axu fang@4主编 |
| 712 | 02 | @a精品购物指南@Ajing pin gou wu zhi nan@4编著 |
| 801 | 0 | @aCN@bQSSK@c20091127 |
| 905 | @b766318-20@dK927.14@eX702@f3 | |
| 会理/精品购物指南编著.-北京:经济管理出版社,2008.11 |
| 111页:图;26cm.-(行走中国) |
| ISBN 978-7-5096-0395-6:CNY28.00 |
| 本书介绍了会理的各色美景, 少数民族风俗习惯, 美食、时尚休闲文化等。顺着历史的长廊往回走,可以听到古丝绸之路上的马蹄声在这里踏响,可以听到那时的冶炼工人拉动风箱时的扑哧声 会理古城,留下了太多的历史之谜! |
| ● |
| 相关链接 |
|
|
|
正题名:会理
索取号:K927.14/X702
 
预约/预借
| 序号 | 登录号 | 条形码 | 馆藏地/架位号 | 状态 | 备注 |
| 1 | 766318 | 207663189 | 社科库309/309社科库 15排1列6层/ [索取号:K927.14/X702] | 在馆 | |
| 2 | 766319 | 207663198 | 社科库309/309社科库 15排1列6层/ [索取号:K927.14/X702] | 在馆 | |
| 3 | 766320 | 207663205 | 社科库309/309社科库 15排1列6层/ [索取号:K927.14/X702] | 在馆 |